000 00626nam a22002057a 4500
003 OSt
005 20260609144422.0
008 260609b |||||||| |||| 00| 0 eng d
020 _a0867095199
040 _cChuka University Library
050 _aLB 1050.5 .B4 2003
100 _aBeers Kylene
_927983
245 _aWhe Kids Can't Read:What Teachers Can Do
260 _aPortsmouth NH
_bHeinemann
_c2003
300 _aviii, 392 pp
_billustrations. preface and index
650 _aReading-Remedials teaching
_927984
650 _aReading (middle school)
_927863
650 _aReading (secondary)
_927985
942 _2lcc
_cBK
_n0
999 _c23675
_d23675